Welcome to CU Library Online Public Access Catalogue (OPAC)

Electronic job search revolution : (Record no. 5611)

MARC details
000 -LEADER
fixed length control field 01273cam a2200313 a 4500
001 - CONTROL NUMBER
control field 3031896
005 - DATE AND TIME OF LATEST TRANSACTION
control field 20250430132432.0
008 - FIXED-LENGTH DATA ELEMENTS--GENERAL INFORMATION
fixed length control field 950523s1995 nyu 001 0 eng
020 ## - INTERNATIONAL STANDARD BOOK NUMBER
International Standard Book Number 0471115770 (alk. paper)
020 ## - INTERNATIONAL STANDARD BOOK NUMBER
International Standard Book Number 0471115762 (pbk. : alk. paper)
050 00 - LIBRARY OF CONGRESS CALL NUMBER
Classification number HF5382.7
Item number .K457 1995
082 00 - DEWEY DECIMAL CLASSIFICATION NUMBER
Classification number 650.14
Edition information 20
100 1# - MAIN ENTRY--PERSONAL NAME
Personal name Kennedy, Joyce Lain.
245 10 - TITLE STATEMENT
Title Electronic job search revolution :
Remainder of title how to win with the new technology that's reshaping today's job market /
Statement of responsibility, etc. Joyce Lain Kennedy, Thomas J. Morrow.
250 ## - EDITION STATEMENT
Edition statement 2nd ed.
260 ## - PUBLICATION, DISTRIBUTION, ETC.
Place of publication, distribution, etc. New York :
Name of publisher, distributor, etc. J. Wiley,
Date of publication, distribution, etc. c1995.
300 ## - PHYSICAL DESCRIPTION
Extent xix, 183 p. ;
Dimensions 26 cm.
500 ## - GENERAL NOTE
General note Includes index.
650 #0 - SUBJECT ADDED ENTRY--TOPICAL TERM
Topical term or geographic name entry element Job hunting
General subdivision Technological innovations.
650 #0 - SUBJECT ADDED ENTRY--TOPICAL TERM
Topical term or geographic name entry element Job hunting
General subdivision Computer network resources.
650 #0 - SUBJECT ADDED ENTRY--TOPICAL TERM
Topical term or geographic name entry element Help-wanted advertising
General subdivision Databases.
650 #0 - SUBJECT ADDED ENTRY--TOPICAL TERM
Topical term or geographic name entry element Employment agencies
General subdivision Automation.
650 #0 - SUBJECT ADDED ENTRY--TOPICAL TERM
Topical term or geographic name entry element Résumés (Employment)
General subdivision Data processing.
700 1# - ADDED ENTRY--PERSONAL NAME
Personal name Morrow, Thomas J.
856 42 - ELECTRONIC LOCATION AND ACCESS
Materials specified Contributor biographical information
Uniform Resource Identifier <a href="http://www.loc.gov/catdir/bios/wiley041/95004927.html">http://www.loc.gov/catdir/bios/wiley041/95004927.html</a>
856 42 - ELECTRONIC LOCATION AND ACCESS
Materials specified Publisher description
Uniform Resource Identifier <a href="http://www.loc.gov/catdir/description/wiley031/95004927.html">http://www.loc.gov/catdir/description/wiley031/95004927.html</a>
856 4# - ELECTRONIC LOCATION AND ACCESS
Materials specified Table of Contents
Uniform Resource Identifier <a href="http://www.loc.gov/catdir/toc/onix01/95004927.html">http://www.loc.gov/catdir/toc/onix01/95004927.html</a>
942 ## - ADDED ENTRY ELEMENTS (KOHA)
Source of classification or shelving scheme Library of Congress Classification
Koha item type Books
Suppress in OPAC No
999 ## -
-- 5611
-- 5611
Holdings
Withdrawn status Lost status Source of classification or shelving scheme Damaged status Not for loan Collection Home library Current library Date acquired Total checkouts Full call number Barcode Date last seen Copy number Price effective from Koha item type
    Library of Congress Classification     Non-fiction Undergraduate Library (Christ Temple) Undergraduate Library (Christ Temple) 04/30/2025   HF 5382.7 KEN ulct00002201 04/30/2025 1 04/30/2025 Books
© 2023-2024 Copyright: Central University Libraries. All Rights Reserved | Created by: Mahone Tech Office